000 00714nam a2200253Ia 4500
003 OSt
005 20221005032133.0
006 a|||||r|||| 00| 0
007 ta
008 221004b |||||||| |||| 00| 0 eng d
024 _a27402
037 _cTextual
040 _aCRL
_cCRL
_beng
041 _2eng
_aeng
082 _aA:(X3), N0
100 _aWalker Richard D
_9584863
245 0 _aScientific and technical literature
_b An introduction to forms of communication
260 _aChicago
_bAmerican Library
_c1990
300 _a297p
_ccm.
650 _aSCIENCE
700 _a Hurt C D
_9584864
942 _hA:(X3), N0
_cTEXL
_2cc
999 _c939180
_d939180